000 00215nam a22000857a 4500
999 _c11460
_d11460
008 190525b ||||| |||| 00| 0 eng d
020 _a9789384603496
100 _97179
_aCHAUDHARY SUNIL
245 _aLEARN TO PLAY SWIMMING